| 000 | 00645cam a2200145 4500500 | ||
|---|---|---|---|
| 005 | 20260208002440.0 | ||
| 041 | _afre | ||
| 042 | _adc | ||
| 100 | 1 | 0 |
_aMasset, Claude _eauthor |
| 245 | 0 | 0 | _aHans Alexander Winkler, Ghosts Riders of Upper Egypt. A Study of Spirit Possession, Translated and introduced by Nicholas S. Hopkins. Cairo-New York, American University in Cairo Press, 2009 163 p., notes bibliogr., index, fig., cartes |
| 260 | _c2011. | ||
| 500 | _a28 | ||
| 786 | 0 | _nL'Homme | 198-199 | 2 | 2011-07-01 | p. 367p-413p | 0439-4216 | |
| 856 | 4 | 1 | _uhttps://shs.cairn.info/revue-l-homme-2011-2-page-367p?lang=fr&redirect-ssocas=7080 |
| 999 |
_c1646411 _d1646411 |
||